Исследование работоспособности передач с промежуточными телами качения; Современные техника и технологии

Podrobná bibliografie
Parent link:Современные техника и технологии.— 1999.— С. 237-238
Hlavní autor: Ефременков Е. А. Егор Алексеевич
Jazyk:ruština
Vydáno: 1999
Témata:
Médium: Kapitola
KOHA link:https://koha.lib.tpu.ru/cgi-bin/koha/opac-detail.pl?biblionumber=232714

MARC

LEADER 00000naa2a2200000 4500
001 232714
005 20240204180745.0
035 |a (RuTPU)RU\TPU\book\253768 
090 |a 232714 
100 |a 20130218d1999 k y0rusy50 ca 
101 0 |a rus 
102 |a RU 
200 1 |a Исследование работоспособности передач с промежуточными телами качения  |f Е. А. Ефременков 
320 |a Библиогр.: с. 238 (4 назв.) 
463 0 |0 (RuTPU)RU\TPU\book\24003  |t Современные техника и технологии  |o 5-я областная научно-практическая конференция студентов, аспирантов и молодых ученых, Томск, 1999 г.  |f Томский политехнический университет  |v С. 237-238  |d 1999  |p 440 с. 
610 1 |a труды учёных ТПУ 
700 1 |a Ефременков  |b Е. А.  |c специалист в области машиностроения  |c доцент Томского политехнического университета, кандидат технических наук  |f 1975-  |g Егор Алексеевич  |3 (RuTPU)RU\TPU\pers\25819  |9 11692 
801 1 |a RU  |b 63413507  |c 20130218 
801 2 |a RU  |b 63413507  |c 20140329  |g RCR 
942 |c BK